Irrigature (Record no. 13257)
[ view plain ]
| 000 -LEADER | |
|---|---|
| fixed length control field | 00506nam a22001697a 4500 |
| 082 ## - DEWEY DECIMAL CLASSIFICATION NUMBER | |
| Classification number | BE-EE-3 |
| 100 ## - MAIN ENTRY--PERSONAL NAME | |
| Personal name | Irfanullah Khan |
| 9 (RLIN) | 92792 |
| 245 ## - TITLE STATEMENT | |
| Title | Irrigature |
| 260 ## - PUBLICATION, DISTRIBUTION, ETC. | |
| Place of publication, distribution, etc. | Islamabad |
| Name of publisher, distributor, etc. | NUST-SEECS |
| Date of publication, distribution, etc. | 2015 |
| 300 ## - PHYSICAL DESCRIPTION | |
| Extent | 90 |
| Accompanying material | CD Include |
| 500 ## - GENERAL NOTE | |
| General note | Supervisors: Dr. Shahzad Younis, Dr. Hammad Mehmood Cheema |
| 700 ## - ADDED ENTRY--PERSONAL NAME | |
| Personal name | Muhammad Momin, |
| 9 (RLIN) | 92793 |
| 700 ## - ADDED ENTRY--PERSONAL NAME | |
| Personal name | Syed Usama Aziz, |
| 9 (RLIN) | 92794 |
| 700 ## - ADDED ENTRY--PERSONAL NAME | |
| Personal name | Taymoor Ilyas |
| 9 (RLIN) | 92795 |
| 856 ## - ELECTRONIC LOCATION AND ACCESS | |
| Uniform Resource Identifier | <a href="http://10.250.8.41:8080/xmlui/handle/123456789/10816">http://10.250.8.41:8080/xmlui/handle/123456789/10816</a> |
| 942 ## - ADDED ENTRY ELEMENTS (KOHA) | |
| Koha item type | Project Report |
| Source of classification or shelving scheme | |
| Withdrawn status | Lost status | Damaged status | Not for loan | Collection code | Permanent Location | Current Location | Shelving location | Date acquired | Full call number | Barcode | Date last seen | Price effective from | Koha item type |
|---|---|---|---|---|---|---|---|---|---|---|---|---|---|
| WITHDRAWN | Central Library (CL) | Central Library (CL) | General Stacks | 07/07/2015 | BE-EE-3 IRF | SEECSP01661 | 07/05/2015 | 07/05/2015 | Project Report |
